Zo života a práce evanjelického a. v. cirkevného zboru Vlachovo-Gočovo

Bibliographic Details
Format: Article
Language:Slovak
PhysicalDescription:7 foto
Subjects:

MARC

LEADER 00000nab a2200000 a 4500
001 vtls001010198
003 SK-MaSNL
005 20260303040335.0
008 040720e19990000xo 0 slo
035 |a RV10798 
040 |a RVGKPD  |b slo  |c RVGKPD  |e AACR2 
041 0 |a slo 
044 |a xo  |c SK 
080 |a 284.991  |2 1981 
245 0 0 |a Zo života a práce evanjelického a. v. cirkevného zboru Vlachovo-Gočovo 
300 |b 7 foto 
650 0 7 |a Evanjelická cirkev a.v   |2 RVGKPD  |9 268741 
651 7 |a Vlachovo (Slovensko)  |2 RVGKPD  |9 29546 
651 7 |a Gočovo (Slovensko)  |2 RVGKPD  |9 58511 
655 7 |a periodikum  |2 snkbucl  |9 29553 
773 0 8 |t Ichtys  |g Roč. 2, č.1 (1999), s. 5, 6 
852 |a ZVYKNI  |b KIS3GCP 
999 |c 1681521  |d 1683451